000 00715nam a2200253Ia 4500
003 OSt
005 20221005042816.0
006 a|||||r|||| 00| 0
007 ta
008 221004b |||||||| |||| 00| 0 eng d
020 _a0852246218 (pbk)
024 _a121096
037 _bGift, 13/09/2012,
_cTextual
040 _aCRL
_cCRL
_beng
041 _2eng
_aeng
082 _aO111:g(w), M9
100 _aCrick Bernard
245 0 _aEssays on politics and literature
260 _aEdinburgh
_bEdinburgh University Press
_c1989
300 _ax,259p.
_ccm.
650 _aENGLISH LITERATURE
942 _hO111:g(w), M9
_cTEXL
_2cc
999 _c950864
_d950864